000 01431nam a2200277Ia 4500
999 _c43797
_d43797
001 10542
003 GE_BSU
005 20250401165835.0
008 181216s2013||||ge |||||||||||||| ||geo||
020 _a978994193326
040 _cGE_BSU
041 _ageo
080 _a37.01(075.8) პ–26
245 _aპედაგოგიკის საკითხები :
_b[მასწავლებლის პროფ. განვითარება : სახელმძღვ.]. /
_cშემდგ. მანანა ბოჭორიშვილი.
264 _aთბილისი :
_bუსტარი,
_c2013.
300 _a155 გვ.
_bცხრ.ფოტ.
_c24 სმ.
490 _aმასწავლებლის ბიბლიოთეკა ასოციაცია "ზეკარი"
500 _aტერმინთა განმარტება: გვ. 151-154.
501 _aბიბლიოგრ.: გვ. 155.
541 _h14ლ.
653 _aმასწავლებლის პროფესიული განვითარება
653 _aპედაგოგიკის საკითხები
653 _aსწავლისა და განვითარების თეორიები
700 _aბოჭორიშვილი, მანანა
_eშემდგენელი
_97165
942 _cBK
_2udc